000 01003cam a22003257a 4500
003 CHAP
005 20220329143005.0
008 050601d2001 es a r 00110 spa d
010 _a90397
011 _a91369
020 _a8471149990
035 _a101927
040 _cCHAP
082 0 4 _a625.74
_bD3 2001
100 0 0 _aDal-ré Tenreiro, Rafael.
_930924
245 1 0 _aCaminos rurales :
_bproyecto y construcción
_c/por Rafaél Dal-Ré Tenreiro
250 _a3 ed.
260 _aMadrid :
_bMundi-Prensa,
_c2001.
300 _a224 p. :
_bilus.
590 _aBATCH-UPD
_b10
_c20130110
_lUCH01
_h1918
590 _aBATCH-UPD
_b10
_c20130410
_lUCH01
_h1244
590 _aBATCH-UPD
_b10
_c20130914
_lUCH01
_h0824
590 _aCONVERSION
_b10
_c20130109
_lUCH01
_h1350
650 1 4 _aCaminos rurales.
_917875
650 1 4 _aCaminos
_xPlaneación.
_917866
901 _aBK
905 _aLilia
942 _cLIBRO
949 _a625.74 D3 2001
_bBC
_cLIBRO
_d33724000956652
_eLIBRO
_gI.c/e
_h105814
_i101927
_sb
_t$356.00
999 _c90397
_d90397